[Event "2017 Alberta Seniors Championship"]
[Site "?"]
[Date "2017.04.08"]
[Round "3"]
[White "McKay, Arnold"]
[Black "Pedersen, Rick"]
[Result "1-0"]
[WhiteElo "1819"]
[BlackElo "1773"]
[PlyCount "109"]
[EventDate "2017.??.??"]
[SourceDate "2017.09.01"]

1. d4 g6 2. e4 Bg7 3. Nf3 d6 4. Bd3 Nc6 5. c3 Nf6 6. O-O O-O 7. Bf4 h6 8. Qc2
Nh5 9. Be3 Bg4 10. Nbd2 e5 11. h3 Bd7 12. dxe5 Nxe5 13. Nxe5 dxe5 14. Nf3 g5
15. Bc4 Nf4 16. Rad1 Qe7 17. Rd2 Rad8 18. Bxf4 exf4 19. Re1 b5 20. Bd3 c5 21.
Nh2 c4 22. Be2 Kh8 23. Bf3 f5 24. Rde2 g4 25. exf5 Qg5 26. hxg4 h5 27. gxh5
Bxf5 28. Be4 Qxh5 29. Bxf5 Rxf5 30. Qe4 f3 31. Nxf3 Rdf8 32. Qh4 Qxh4 33. Nxh4
Rg5 34. Re8 Kh7 35. Rxf8 Bxf8 36. Nf3 Rd5 37. g3 a5 38. Re5 Rd3 39. Kg2 b4 40.
cxb4 axb4 41. Re3 Bh6 42. Rxd3 cxd3 43. Kf1 Kg7 44. Ne5 d2 45. Ke2 Bg5 46. Nf3
Bf6 47. b3 Bc3 48. Nxd2 Kg6 49. Ne4 Bg7 50. g4 Bf8 51. f4 Kg7 52. Kd3 Kf7 53.
Kc4 Kg7 54. Kd5 Kf7 55. g5 1-0

[Event "2017 Alberta Seniors Championship"]
[Site "?"]
[Date "2017.04.09"]
[Round "5"]
[White "Karmali, Hafiz"]
[Black "Pedersen, Rick"]
[Result "1/2-1/2"]
[WhiteElo "1982"]
[BlackElo "1773"]
[PlyCount "79"]
[EventDate "2017.??.??"]
[SourceDate "2017.09.01"]

1. e4 d6 2. d4 Nf6 3. Nc3 g6 4. Nf3 Bg7 5. Bc4 O-O 6. O-O c6 7. Be3 d5 8. Bd3
dxe4 9. Nxe4 Ng4 10. c3 Nxe3 11. fxe3 Nd7 12. Qb3 Nf6 13. Neg5 Qb6 14. Ne5 Qxb3
15. axb3 h6 16. Ngf3 Ng4 17. Nxg4 Bxg4 18. e4 Bxf3 19. gxf3 a6 20. e5 Rad8 21.
Be4 g5 22. Kf2 f5 23. Bd3 e6 24. h4 Kf7 25. Ke3 Ke7 26. Rh1 g4 27. fxg4 fxg4
28. Bg6 Rf3+ 29. Ke2 Rdf8 30. Raf1 c5 31. Rxf3 Rxf3 32. Be4 Rh3 33. Rxh3 gxh3
34. Bxb7 cxd4 35. cxd4 h2 36. h5 Kd7 37. Kf2 Kc7 38. Bf3 Bf8 39. Kg2 Bb4 40.
Kxh2 1/2-1/2

[Event "2017 Alberta Seniors Championship"]
[Site "?"]
[Date "2017.04.08"]
[Round "1"]
[White "Behnke, Rick"]
[Black "Purewal, Sardul"]
[Result "0-1"]
[WhiteElo "1161"]
[BlackElo "1968"]
[PlyCount "78"]
[EventDate "2017.??.??"]
[SourceDate "2017.09.01"]

1. e4 c5 2. Nf3 d6 3. d4 cxd4 4. Nxd4 Nf6 5. Nc3 a6 6. Bd3 Nc6 7. Nb3 e5 8. O-O
Be7 9. h3 b5 10. a3 Be6 11. Be3 Qc7 12. Ne2 O-O 13. Qd2 Nd7 14. f4 f6 15. f5
Bf7 16. g4 d5 17. Nbc1 Bc5 18. b4 Bxe3+ 19. Qxe3 Qb6 20. Qf2 Qxf2+ 21. Rxf2 Nb6
22. Nb3 Na4 23. Nc5 Nxc5 24. bxc5 Rfc8 25. Nc3 Nd4 26. Nxd5 Rxc5 27. c3 Nb3 28.
Nb6 Rd8 29. Rd1 Rxc3 30. Nd5 Bxd5 31. exd5 Nd4 32. Be4 Rdc8 33. Kg2 Rxa3 34.
Rdd2 Kf8 35. Ra2 Rcc3 36. d6 Ke8 37. Bd5 Kd7 38. Bb7 Rxh3 39. Bxa6 Rag3+ 0-1

[Event "2017MOK"]
[Site "Calgary"]
[Date "2017.??.??"]
[Round "1.9"]
[White "Harris, Adam"]
[Black "Qin, Kevin"]
[Result "1-0"]
[WhiteElo "1868"]
[BlackElo "1158"]
[PlyCount "76"]
[EventDate "2017.??.??"]
[SourceDate "2017.09.01"]

1. Nf3 Nc6 2. c4 Nf6 3. Nc3 e6 4. d3 Bb4 5. e4 d6 6. Be2 Bxc3+ 7. bxc3 O-O 8.
O-O h6 9. Rb1 b6 10. Qc2 e5 11. d4 exd4 12. cxd4 Bg4 13. Be3 Bxf3 14. Bxf3 Re8
15. e5 dxe5 16. Bxc6 exd4 17. Bxe8 Nxe8 18. Rbd1 c5 19. Rd3 Qc7 20. Bc1 Nf6 21.
Rg3 Nh5 22. Rf3 Re8 23. Bd2 Nf6 24. Rxf6 gxf6 25. Qf5 Qe5 26. Qg4+ Kh7 27. Qh4
h5 28. h3 Qf5 29. Re1 Rxe1+ 30. Bxe1 Qg5 31. Qxg5 fxg5 32. Bd2 f6 33. a4 Kg6
34. Kf1 Kf5 35. Ke2 Ke4 36. f3+ Ke5 37. Kd3 f5 38. g4 fxg4 1-0

[Event "2017JohnSchleinich"]
[Site "Calgary"]
[Date "2017.??.??"]
[Round "4.5"]
[White "Dave, Bhavik"]
[Black "Rogers, Dustin"]
[Result "0-1"]
[WhiteElo "1909"]
[BlackElo "1853"]
[PlyCount "60"]
[EventDate "2017.??.??"]
[SourceDate "2017.09.01"]

1. d4 Nf6 2. c4 e6 3. Nc3 Bb4 4. Nf3 Bxc3+ 5. bxc3 c5 6. e3 Qa5 7. Qc2 Nc6 8.
Bd2 d6 9. Be2 O-O 10. O-O e5 11. d5 Ne7 12. h3 Bf5 13. Qb2 e4 14. Nh4 Bd7 15.
g4 Qa6 16. f4 Nfxd5 17. cxd5 Qxe2 18. Rf2 Qb5 19. Qxb5 Bxb5 20. a4 Bd3 21. Nf5
Nxf5 22. gxf5 f6 23. Bc1 b6 24. Rb2 Rab8 25. Kf2 Rf7 26. Ke1 a6 27. Rd2 Rfb7
28. Rda2 b5 29. axb5 Rxb5 30. Rxa6 Rb1 0-1

[Event "2017JohnSchleinich"]
[Site "Calgary"]
[Date "2017.??.??"]
[Round "2.6"]
[White "Daniluk, Jim"]
[Black "Rogers, Dustin"]
[Result "0-1"]
[WhiteElo "1995"]
[BlackElo "1853"]
[PlyCount "66"]
[EventDate "2017.??.??"]
[SourceDate "2017.09.01"]

1. d4 Nf6 2. Nf3 e6 3. c4 b6 4. a3 Bb7 5. Qc2 Be7 6. Nbd2 d5 7. e3 Nbd7 8. b3
Rc8 9. Bd3 c5 10. Bb2 cxd4 11. exd4 h6 12. Qb1 O-O 13. O-O Rc7 14. Re1 Qa8 15.
Bf1 Rfc8 16. Ne5 Nxe5 17. dxe5 Ne4 18. Nxe4 dxe4 19. Bc1 Qb8 20. Be3 Bc5 21. b4
Bxe3 22. Rxe3 Rd7 23. Qb2 Rcd8 24. Qc3 Rd4 25. c5 bxc5 26. bxc5 Bc6 27. f4 exf3
28. gxf3 Qc7 29. Rc1 Qe7 30. Re2 Rd1 31. Rb2 Qh4 32. Kg2 g6 33. Rb4 R8d4 0-1

[Event "InternationalQualifier"]
[Site "Calgary"]
[Date "2017.??.??"]
[Round "3.7"]
[White "Dave, Bhavik"]
[Black "Rogers, Dustin"]
[Result "0-1"]
[WhiteElo "1846"]
[BlackElo "1921"]
[PlyCount "47"]
[EventDate "2017.??.??"]
[SourceDate "2017.09.01"]

1. d4 Nf6 2. c4 e6 3. Nf3 b6 4. g3 Bb7 5. Bg2 c5 6. e3 Qc7 7. b3 Be7 8. Bb2
cxd4 9. exd4 d6 10. O-O O-O 11. Nc3 Nbd7 12. Nb5 Qb8 13. Re1 Re8 14. Qc2 a6 15.
Nc3 h6 16. Rad1 Qc7 17. Qd3 Rad8 18. d5 e5 19. Ba3 Bf8 20. Nh4 Nc5 21. Bxc5
bxc5 22. Re2 Bc8 23. Rde1 Bd7 24. Ne4 0-1

[Event "2017MOK"]
[Site "Calgary"]
[Date "2017.??.??"]
[Round "4.8"]
[White "Papneja, Arul"]
[Black "Samy, Mikesh"]
[Result "1-0"]
[WhiteElo "1637"]
[BlackElo "1068"]
[PlyCount "70"]
[EventDate "2017.??.??"]
[SourceDate "2017.09.01"]

1. e4 c5 2. Nf3 d6 3. d4 cxd4 4. Nxd4 Nf6 5. Nc3 g6 6. Be3 Bg7 7. f3 O-O 8. Qd2
Bd7 9. O-O-O Nc6 10. g4 Rb8 11. h4 Nxd4 12. Bxd4 a5 13. h5 b5 14. h6 Bh8 15. g5
e5 16. Bxe5 dxe5 17. gxf6 Qxf6 18. Qxd7 Rfd8 19. Qg4 Rxd1+ 20. Nxd1 b4 21. Ne3
Qd8 22. Nd5 a4 23. Bc4 Rc8 24. b3 axb3 25. cxb3 Ra8 26. Rd1 Kf8 27. Kb1 Qa5 28.
Qg2 Bg7 29. hxg7+ Kxg7 30. Rd2 Qc5 31. Qg5 Ra3 32. Qf6+ Kf8 33. Qd8+ Kg7 34.
Qf6+ Kf8 35. Ne3 Qxe3 1-0

[Event "InternationalQualifier"]
[Site "Calgary"]
[Date "2017.??.??"]
[Round "1.11"]
[White "Wu, Chenxi"]
[Black "Samy, Mikesh"]
[Result "1-0"]
[WhiteElo "1917"]
[BlackElo "1086"]
[PlyCount "63"]
[EventDate "2017.??.??"]
[SourceDate "2017.09.01"]

1. e4 e5 2. Nf3 Nc6 3. Bb5 a6 4. Ba4 d6 5. c3 b5 6. Bc2 Nf6 7. d3 Be7 8. Nbd2
O-O 9. O-O Bg4 10. h3 Bh5 11. Re1 a5 12. Nf1 b4 13. Ng3 bxc3 14. bxc3 Rb8 15.
Nxh5 Nxh5 16. Nxe5 Nxe5 17. Qxh5 Ng6 18. Be3 c5 19. d4 cxd4 20. Bxd4 Nh4 21. e5
Ng6 22. e6 Rb2 23. exf7+ Rxf7 24. Bb3 d5 25. Bxd5 Qf8 26. Re3 Kh8 27. Bxf7 Qxf7
28. Rf3 Qc4 29. Qxa5 h6 30. Qh5 Nh4 31. Qxh6+ Kg8 32. Qxg7# 1-0

[Event "InternationalQualifier"]
[Site "Calgary"]
[Date "2017.??.??"]
[Round "1.12"]
[White "Bin Shoeb, Mashad"]
[Black "Samy, Mikesh"]
[Result "1-0"]
[WhiteElo "1848"]
[BlackElo "1086"]
[PlyCount "25"]
[EventDate "2017.??.??"]
[SourceDate "2017.09.01"]

1. e4 c5 2. c3 d5 3. exd5 Qxd5 4. d4 e6 5. Nf3 Nc6 6. Be3 Nf6 7. Bd3 c4 8. Be2
b5 9. O-O g6 10. Nbd2 Bg7 11. Qc2 O-O 12. h3 Bb7 13. b3 1-0

[Event "2017JohnSchleinich"]
[Site "Calgary"]
[Date "2017.??.??"]
[Round "1.7"]
[White "Zhao, Ian"]
[Black "Sharma, Vishruth"]
[Result "1-0"]
[WhiteElo "1803"]
[BlackElo "1653"]
[PlyCount "51"]
[EventDate "2017.??.??"]
[SourceDate "2017.09.01"]

1. e4 e5 2. Nf3 Nc6 3. Bc4 Bc5 4. c3 Nf6 5. d3 O-O 6. O-O Bb6 7. h3 d6 8. Bb3
Be6 9. Bc2 Nd7 10. Ng5 h6 11. Nxe6 fxe6 12. Nd2 Qh4 13. Nf3 Qg3 14. d4 Qg6 15.
Be3 Rf7 16. Kh2 Raf8 17. b4 a6 18. a4 d5 19. b5 exd4 20. bxc6 dxe3 21. cxd7
exf2 22. a5 Bc5 23. Qd3 Rxd7 24. e5 Qf5 25. Qxf5 exf5 26. Bb3 1-0

[Event "2017JohnSclenich"]
[Site "Calgary"]
[Date "2017.??.??"]
[Round "2.7"]
[White "Dodd, Mark"]
[Black "Sharma, Vishruth"]
[Result "0-1"]
[WhiteElo "1686"]
[BlackElo "1541"]
[PlyCount "82"]
[EventDate "2017.??.??"]
[SourceDate "2017.09.01"]

1. d4 Nf6 2. c4 g6 3. Nc3 Bg7 4. e4 d6 5. h3 O-O 6. Bg5 c5 7. d5 Nbd7 8. Qd2
Re8 9. Bd3 Ne5 10. Nge2 Nxd3+ 11. Qxd3 h6 12. Be3 Kh7 13. Rb1 Nd7 14. f4 Qa5
15. O-O a6 16. Kh1 Rb8 17. Bd2 b5 18. Nxb5 Qxa2 19. Nbc3 Qb3 20. Nc1 Qb6 21. g4
Qd8 22. N1e2 a5 23. Nb5 Ba6 24. Bc3 Bxb5 25. cxb5 Qb6 26. Bxg7 Kxg7 27. Nc3
Rec8 28. Rbe1 c4 29. Qf3 Nc5 30. f5 Nd3 31. f6+ Kh7 32. fxe7 Ne5 33. Qf6 Re8
34. h4 Rb7 35. h5 Rbxe7 36. g5 hxg5 37. h6 Kxh6 38. Re3 Qxe3 39. Qxd6 Qh3+ 40.
Kg1 Qg4+ 41. Kf2 Nd3+ 0-1

[Event "2017MOK"]
[Site "Calgary"]
[Date "2017.??.??"]
[Round "3.6"]
[White "Dave, Bhavik"]
[Black "Sharma, Vishruth"]
[Result "1-0"]
[WhiteElo "1834"]
[BlackElo "1608"]
[PlyCount "37"]
[EventDate "2017.??.??"]
[SourceDate "2017.09.01"]

1. d4 Nf6 2. c4 g6 3. Nc3 Bg7 4. e4 d6 5. f4 O-O 6. Nf3 c5 7. d5 a6 8. Be2 e6
9. O-O exd5 10. exd5 Re8 11. Bd3 Nbd7 12. f5 Nf8 13. Bf4 Qc7 14. a4 Rb8 15.
fxg6 hxg6 16. Ng5 Nh5 17. Nxf7 Nxf4 18. Rxf4 Re7 19. Bxg6 1-0

[Event "2017 Canadian Open"]
[Site "?"]
[Date "2017.07.13"]
[Round "6"]
[White "Cherniaev, Alexander"]
[Black "Shi, Diwen"]
[Result "1-0"]
[WhiteElo "2426"]
[BlackElo "2293"]
[PlyCount "62"]
[EventDate "2017.??.??"]
[SourceDate "2017.09.01"]

1. e4 c5 2. Nc3 Nc6 3. Bb5 Nd4 4. Bc4 g6 5. Nf3 Bg7 6. Nxd4 cxd4 7. Qf3 Nh6 8.
Ne2 Qc7 9. d3 O-O 10. Nxd4 Ng4 11. Nb5 Qc5 12. Qxg4 d5 13. Qg5 Bf5 14. exf5
dxc4 15. f6 Qb4+ 16. c3 exf6 17. cxb4 fxg5 18. dxc4 Rfc8 19. c5 a5 20. Nd6 Rc7
21. Bxg5 Bxb2 22. Rb1 Bc3+ 23. Ke2 axb4 24. Be3 Rxa2+ 25. Kf3 Rd7 26. Ne4 f5
27. Nxc3 bxc3 28. Rhc1 c2 29. Rb3 Rd1 30. Ke2 h5 31. Rxc2 Rxc2+ 1-0

[Event "2017MOK"]
[Site "Calgary"]
[Date "2017.??.??"]
[Round "4.7"]
[White "Zhao, Ian"]
[Black "Sklenka, Steve"]
[Result "1-0"]
[WhiteElo "1859"]
[BlackElo "1637"]
[PlyCount "79"]
[EventDate "2017.??.??"]
[SourceDate "2017.09.01"]

1. e4 e5 2. Nf3 Nf6 3. Nxe5 d6 4. Nf3 Nxe4 5. d4 d5 6. Bd3 Be7 7. O-O O-O 8.
Re1 Bf5 9. c3 Re8 10. Qc2 Bd6 11. Be3 Bg6 12. Nbd2 Nxd2 13. Bxd2 Bxd3 14. Qxd3
f6 15. Qb5 Rxe1+ 16. Rxe1 Kf8 17. Qxb7 Nd7 18. Qxd5 Rb8 19. b3 Nb6 20. Qf5 Kg8
21. c4 Bf8 22. d5 Bc5 23. Bc3 Nd7 24. Kf1 Nf8 25. Qe4 Ng6 26. Nd4 Bxd4 27. Bxd4
a6 28. f4 Qd6 29. g3 Rd8 30. Qe3 f5 31. Bc5 Qd7 32. Qe6+ Qxe6 33. Rxe6 a5 34.
Ke2 Kf7 35. Kd2 h5 36. h4 Nf8 37. Bxf8 Kxf8 38. Ra6 a4 39. Rxa4 c6 40. Ra5 1-0

[Event "2017MOK"]
[Site "Calgary"]
[Date "2017.??.??"]
[Round "2.9"]
[White "Khoshooei, Milad"]
[Black "Sklenka, Steve"]
[Result "0-1"]
[WhiteElo "1304"]
[BlackElo "1637"]
[PlyCount "58"]
[EventDate "2017.??.??"]
[SourceDate "2017.09.01"]

1. e4 e5 2. Nf3 Nf6 3. Nc3 Nc6 4. Bc4 Nxe4 5. Nxe4 d5 6. Bxd5 Qxd5 7. d3 Bc5 8.
O-O O-O 9. h3 Bb6 10. Nfg5 f6 11. Nc3 Qd8 12. Nge4 a6 13. Be3 Nd4 14. Ne2 f5
15. Bxd4 exd4 16. Nd2 c5 17. f4 Qd5 18. Ng3 Bd7 19. Qh5 Be8 20. Qe2 Bc6 21. Rf2
Rae8 22. Qh5 Re3 23. Kh2 Bc7 24. Nc4 Re6 25. Qf3 Qd8 26. Qd1 Qd5 27. Qf3 Qd8
28. Qd1 Qh4 29. Qh5 Qf6 0-1

[Event "2017 Alberta Active Championship"]
[Site "?"]
[Date "2017.03.25"]
[Round "5"]
[White "Smith, Kevin"]
[Black "Superceanu, Bogdan"]
[Result "0-1"]
[WhiteElo "1785"]
[BlackElo "1826"]
[PlyCount "42"]
[EventDate "2017.??.??"]
[SourceDate "2017.09.01"]

1. e4 c5 2. Nf3 Nc6 3. d4 cxd4 4. Nxd4 g6 5. c4 Bg7 6. Nc3 Bxd4 7. Be2 d6 8.
Nb5 Bg7 9. O-O Nf6 10. f3 Qb6+ 11. Kh1 O-O 12. g4 a6 13. Nc3 Be6 14. h4 Ne5 15.
f4 Nexg4 16. Qe1 Rac8 17. Qg3 Bxc4 18. Bxc4 Rxc4 19. Nd5 Nxd5 20. exd5 h5 21.
f5 Rc2 0-1

[Event "2017 Alberta Active Championship"]
[Site "?"]
[Date "2017.03.25"]
[Round "3"]
[White "Koperski, Dustin"]
[Black "Valencia, Belsar"]
[Result "0-1"]
[WhiteElo "1760"]
[BlackElo "2380"]
[PlyCount "118"]
[EventDate "2017.??.??"]
[SourceDate "2017.09.01"]

1. e4 c5 2. d4 cxd4 3. c3 d3 4. Bxd3 d6 5. c4 e6 6. Nf3 Nc6 7. O-O Nf6 8. h3
Be7 9. Be3 O-O 10. Nc3 b6 11. Rc1 Bb7 12. Qe2 Rc8 13. b3 Nd7 14. Rfd1 Nde5 15.
Nxe5 dxe5 16. Bb1 Qc7 17. Nb5 Qb8 18. Rd7 Rfd8 19. Rcd1 Rxd7 20. Rxd7 a6 21.
Nc3 Rd8 22. Qd2 Qc8 23. Rxd8+ Qxd8 24. Qxd8+ Bxd8 25. Na4 Nd4 26. f3 Bc6 27.
Nc3 Be7 28. Kf2 Bc5 29. Ne2 f6 30. Nc1 a5 31. Nd3 Ba3 32. Ne1 Kf7 33. Nc2 Bc5
34. Ne1 Ke7 35. Nd3 Ba3 36. Ne1 Bb4 37. Nc2 Bc5 38. Ne1 Kd6 39. Nd3 Ba3 40. Ne1
g6 41. Nc2 Nxc2 42. Bxc2 Bc5 43. a3 Bxa3 44. Bxb6 Bc5+ 45. Bxc5+ Kxc5 46. Ke3
f5 47. g4 f4+ 48. Kd3 Kb4 49. Bd1 h5 50. Bc2 h4 51. Bd1 g5 52. Kd2 a4 53. bxa4
Kxc4 54. Bc2 Kb4 55. Bd1 Bb7 56. Bc2 Bc8 57. Bd1 Ba6 58. Be2 Bxe2 59. Kxe2 Kxa4
0-1

[Event "Alberta Closed"]
[Site "?"]
[Date "2017.04.16"]
[Round "4"]
[White "Haessel, Dale"]
[Black "Valencia, Belsar"]
[Result "0-1"]
[WhiteElo "2284"]
[BlackElo "2380"]
[PlyCount "122"]
[EventDate "2017.??.??"]
[SourceDate "2017.09.01"]

1. d4 Nf6 2. c4 g6 3. Nc3 Bg7 4. e4 d6 5. h3 O-O 6. Nf3 e5 7. d5 a5 8. Bg5 Na6
9. Be2 Nc5 10. Nd2 c6 11. Qc2 Bd7 12. g4 a4 13. Be3 Qa5 14. g5 Ne8 15. Bg4 f5
16. gxf6 Nxf6 17. f3 Be8 18. h4 cxd5 19. Nxd5 Nxd5 20. exd5 a3 21. Ke2 axb2 22.
Rab1 e4 23. Nxe4 Ba4 24. Qd2 Qa6 25. Nxc5 dxc5 26. Be6+ Kh8 27. Rxb2 Qxc4+ 28.
Kf2 b5 29. h5 g5 30. Bxg5 Qd4+ 31. Be3 Qxb2 32. Qxb2 Bxb2 33. Bxc5 Rac8 34.
Bxf8 Rxf8 35. Ke3 Kg7 36. Bd7 Be5 37. Rb1 Rb8 38. Rb4 Kf6 39. f4 Bd6 40. Re4
Bc5+ 41. Kd3 Bd1 42. Re6+ Kf7 43. Rc6 Be7 44. Be6+ Kf8 45. h6 Rd8 46. Ke4 Bd6
47. Rc1 Ba4 48. Rg1 Bc2+ 49. Kd4 Ke7 50. Rg7+ Kf6 51. f5 Ra8 52. Rxh7 Ra4+ 53.
Kc3 Rc4+ 54. Kd2 Bf4+ 55. Ke2 Be4 56. Rf7+ Ke5 57. h7 Rc2+ 58. Kf1 Rh2 59. Kg1
Rh5 60. Rg7 Be3+ 61. Kf1 Bf3 0-1

[Event "Alberta Closed"]
[Site "?"]
[Date "2017.04.15"]
[Round "2"]
[White "Banerjee, Bitan"]
[Black "Valencia, Belsar"]
[Result "1-0"]
[WhiteElo "2434"]
[BlackElo "2380"]
[PlyCount "89"]
[EventDate "2017.??.??"]
[SourceDate "2017.09.01"]

1. d4 Nf6 2. Bg5 c5 3. d5 Ne4 4. Bf4 d6 5. f3 Nf6 6. e4 g6 7. Nc3 a6 8. a4 b6
9. Qd2 Nbd7 10. Nh3 Ne5 11. Nf2 h5 12. Be2 Bg7 13. Be3 Qc7 14. g3 Bb7 15. h3
Ned7 16. Rd1 h4 17. g4 Nh7 18. f4 g5 19. fxg5 Nhf8 20. Nd3 Ng6 21. O-O Nde5 22.
Nf4 Nxf4 23. Rxf4 Ng6 24. Rf2 Be5 25. Nb1 Rh7 26. c3 Rb8 27. Na3 Bc8 28. Qc2
Rg7 29. Rff1 Bg3 30. Bd3 Ne5 31. Qe2 Ra8 32. Nc4 Ng6 33. Bc1 b5 34. Na3 c4 35.
Bb1 Bd7 36. axb5 axb5 37. Nc2 Ne5 38. Nd4 Ra1 39. Be3 e6 40. Qd2 exd5 41. exd5
Rxb1 42. Rxb1 Qb7 43. Qg2 Nd3 44. Ra1 Be5 45. Nc6 1-0

[Event "2017MOk"]
[Site "Calgary"]
[Date "2017.??.??"]
[Round "4.9"]
[White "Darvekar, Yash"]
[Black "Wang, Paul"]
[Result "1-0"]
[WhiteElo "1153"]
[BlackElo "1246"]
[PlyCount "125"]
[EventDate "2017.??.??"]
[SourceDate "2017.09.01"]

1. e4 e5 2. Nf3 Nc6 3. Bb5 a6 4. Bxc6 dxc6 5. O-O Bd6 6. d4 exd4 7. Nxd4 Nf6 8.
e5 c5 9. Nf3 Bg4 10. exd6 cxd6 11. h3 Bh5 12. Bg5 h6 13. Bh4 g5 14. Bg3 g4 15.
Re1+ Kf8 16. Bxd6+ Kg7 17. hxg4 Bxg4 18. Re3 Rc8 19. Nc3 Qb6 20. Ne4 Rcd8 21.
Rb3 Qc6 22. Ne5 Qxe4 23. f3 Qd4+ 24. Qxd4 cxd4 25. Be7 Be6 26. Bxd8 Bxb3 27.
Bxf6+ Kxf6 28. Ng4+ Kg5 29. axb3 Rc8 30. Ra5+ Kg6 31. Ne5+ Kg7 32. Rd5 Rxc2 33.
Rxd4 Rxb2 34. b4 b5 35. Nd3 Rd2 36. Rg4+ Kf6 37. Nc5 Ra2 38. Rf4+ Kg5 39. Rxf7
Kh4 40. Ra7 Kg3 41. Rxa6 Rb2 42. Ne4+ Kf4 43. Rxh6 Rxb4 44. Nc3 Rb3 45. Rh4+
Kg5 46. Rg4+ Kf5 47. Ne2 Rb1+ 48. Kf2 b4 49. Nd4+ Kf6 50. Ke2 Rc1 51. Nb3 Rc2+
52. Kf1 Rb2 53. Rxb4 Kf5 54. Nd4+ Kf4 55. Rxb2 Kg3 56. Rb6 Kf4 57. g4 Kg5 58.
f4+ Kxg4 59. f5 Kf4 60. f6 Kg4 61. f7 Kh5 62. f8=Q Kg4 63. Rg6+ 1-0

[Event "2017 Red Deer Open"]
[Site "?"]
[Date "2017.05.14"]
[Round "4"]
[White "Chandra, Anand Rishi"]
[Black "White, Chris"]
[Result "0-1"]
[WhiteElo "1747"]
[BlackElo "1710"]
[PlyCount "49"]
[EventDate "2017.??.??"]
[SourceDate "2017.09.01"]

1. e4 e6 2. d4 d5 3. Nd2 dxe4 4. Nxe4 Nd7 5. Nf3 Ngf6 6. Nxf6+ Nxf6 7. c3 Be7
8. Bd3 O-O 9. O-O b6 10. Qc2 Bb7 11. Ne1 Qd5 12. f3 c5 13. Be3 Qh5 14. Be2 Nd5
15. Bc1 cxd4 16. cxd4 Rac8 17. Qd1 Rc7 18. f4 Qg6 19. Bh5 Qf6 20. Rf3 Bb4 21.
Rg3 Bxe1 22. Qxe1 Qxd4+ 23. Kh1 Nxf4 24. Be3 Qf6 25. Qb4 0-1

[Event "2017JohnSchleinich"]
[Site "Calgary"]
[Date "2017.??.??"]
[Round "3.6"]
[White "Daniluk, Jim"]
[Black "Willis, Brad"]
[Result "0-1"]
[WhiteElo "1995"]
[BlackElo "1961"]
[PlyCount "86"]
[EventDate "2017.??.??"]
[SourceDate "2017.09.01"]

1. d4 f5 2. Nc3 d5 3. e4 dxe4 4. Bc4 Nf6 5. Nh3 e6 6. Nf4 Qe7 7. d5 e5 8. Bb5+
Kf7 9. Nh3 h6 10. Bc4 Qc5 11. Qe2 a6 12. Be3 Qa5 13. Bd2 Qc5 14. b4 Qd6 15. O-O
g5 16. Kh1 Kg7 17. Rad1 Qd8 18. Nb1 Bd6 19. Bb3 Qe7 20. a3 Nbd7 21. c4 b6 22.
Bc3 Nf8 23. Qb2 Ng6 24. Rfe1 Bd7 25. Nd2 Rae8 26. Nf1 f4 27. Ng1 Bf5 28. f3 e3
29. Bc2 Bxc2 30. Qxc2 e4 31. Bd4 Be5 32. fxe4 Bxd4 33. Rxd4 Nxe4 34. h3 Qe5 35.
Nf3 Qe7 36. Qb2 Kf7 37. d6 cxd6 38. Qb3 Kf8 39. Rd5 Qf6 40. Nd4 Re5 41. Nf3
Rxd5 42. cxd5 Nh4 43. Nd4 Qxd4 0-1

[Event "2017JohnSchleinich"]
[Site "Calgary"]
[Date "2017.??.??"]
[Round "1.4"]
[White "Rogers, Dustin"]
[Black "Willis, Brad"]
[Result "1/2-1/2"]
[WhiteElo "1853"]
[BlackElo "1951"]
[PlyCount "29"]
[EventDate "2017.??.??"]
[SourceDate "2017.09.01"]

1. e4 e5 2. Nf3 Nc6 3. Bb5 a6 4. Ba4 Nf6 5. O-O Be7 6. d3 b5 7. Bb3 d6 8. a4 b4
9. a5 O-O 10. h3 Bb7 11. Bg5 Ne8 12. Be3 Qd7 13. Nbd2 Kh8 14. g4 Nd8 15. d4
1/2-1/2

[Event "2017 Alberta Youth"]
[Site "?"]
[Date "2017.02.26"]
[Round "3"]
[White "Ivanescu, Mark"]
[Black "Zhao, Ian"]
[Result "1/2-1/2"]
[WhiteElo "1709"]
[BlackElo "1836"]
[PlyCount "62"]
[EventDate "2017.04.24"]
[SourceDate "2017.09.01"]

1. d4 Nf6 2. Nf3 g6 3. Bf4 Bg7 4. e3 d6 5. Bd3 O-O 6. Nbd2 c5 7. c3 b6 8. Qc2
Bb7 9. O-O Nbd7 10. Rfe1 Re8 11. Bc4 e5 12. dxe5 dxe5 13. Bg3 h6 14. e4 a6 15.
a4 Qe7 16. Qb3 Bc6 17. Nxe5 Nxe5 18. Bxe5 Qb7 19. Bxf6 Bxf6 20. Bd5 Rad8 21.
Bxc6 Qxc6 22. Qc2 Re6 23. Rad1 Qc7 24. Nc4 Rde8 25. f3 Qf4 26. Qd2 Qxd2 27.
Rxd2 Bg5 28. Rd7 f5 29. Rb7 fxe4 30. Rxb6 e3 31. Rxe6 Rxe6 1/2-1/2

[Event "2017JohnSchlenich"]
[Site "Calgary"]
[Date "2017.??.??"]
[Round "3.7"]
[White "Papneja, Arul"]
[Black "Zhao, Ian"]
[Result "0-1"]
[WhiteElo "1457"]
[BlackElo "1803"]
[PlyCount "68"]
[EventDate "2017.??.??"]
[SourceDate "2017.09.01"]

1. e4 e5 2. Nf3 Nc6 3. d4 exd4 4. Nxd4 Bc5 5. Nb3 Bb6 6. Nc3 Nf6 7. Bg5 d6 8.
Bb5 h6 9. Bh4 Bd7 10. Qe2 a6 11. Bc4 g5 12. Bg3 Qe7 13. O-O-O O-O-O 14. Rhe1
Ne5 15. Bxe5 dxe5 16. Nd5 Nxd5 17. exd5 f6 18. Rd2 Qd6 19. Kb1 Kb8 20. f3 Rde8
21. Qd1 f5 22. Rde2 Ba7 23. Nd2 Re7 24. Bb3 b5 25. c4 Rhe8 26. Qc2 Bc5 27. h3
Rf8 28. g4 Bd4 29. Rc1 c5 30. a3 Ree8 31. Ba2 Rc8 32. Qb3 Ka7 33. Ka1 Rb8 34.
Qd3 Bxb2+ 0-1

[Event "2017 Alberta Youth"]
[Site "?"]
[Date "2017.02.25"]
[Round "1"]
[White "Shi, Diwen"]
[Black "Zita, Matthew"]
[Result "1-0"]
[WhiteElo "2277"]
[BlackElo "1719"]
[PlyCount "53"]
[EventDate "2017.04.24"]
[SourceDate "2017.09.01"]

1. e4 c5 2. Nf3 d6 3. d4 cxd4 4. Nxd4 Nf6 5. Nc3 g6 6. Be3 Bg7 7. f3 O-O 8. Qd2
Nc6 9. O-O-O Bd7 10. g4 Rc8 11. h4 Ne5 12. Be2 a6 13. h5 Nc4 14. Bxc4 Rxc4 15.
Kb1 b5 16. Nb3 a5 17. Bh6 Bxh6 18. Qxh6 Rxc3 19. bxc3 Qc7 20. Qd2 Be6 21. Nd4
Bc4 22. Ka1 e6 23. Qg5 Nd7 24. Qe7 e5 25. hxg6 hxg6 26. Qh4 Kg7 27. Nf5+ 1-0

[Event "2017 Alberta Seniors Championship"]
[Site "?"]
[Date "2017.04.08"]
[Round "3"]
[White "Seehagen, Terry"]
[Black "Purewal, Sardul"]
[Result "1-0"]
[WhiteElo "1844"]
[BlackElo "1968"]
[PlyCount "59"]
[EventDate "2017.??.??"]
[SourceDate "2017.09.01"]

1. e4 e6 2. d4 d5 3. Nc3 Bb4 4. a3 Bxc3+ 5. bxc3 dxe4 6. f3 exf3 7. Nxf3 Nf6 8.
Bg5 Nbd7 9. Bd3 c6 10. O-O Qa5 11. c4 c5 12. d5 Nb6 13. Ne5 Nbd7 14. Ng4 Qc3
15. dxe6 fxe6 16. Nxf6+ Nxf6 17. Bxf6 gxf6 18. Qh5+ Kd8 19. Qxc5 Bd7 20. Rad1
Rc8 21. Qxa7 Ke7 22. Qxb7 Qxa3 23. Bf5 Qc5+ 24. Kh1 Qc6 25. Qb4+ Qc5 26. Qe1
Qxc4 27. Bh3 Qc5 28. Rxd7+ Kxd7 29. Qxe6+ Kc7 30. Qd7+ 1-0

[Event "2017 Alberta Seniors Championship"]
[Site "?"]
[Date "2017.04.09"]
[Round "4"]
[White "Frialde, Arniel"]
[Black "McKay, Arnold"]
[Result "1-0"]
[WhiteElo "2169"]
[BlackElo "1819"]
[PlyCount "107"]
[EventDate "2017.??.??"]
[SourceDate "2017.09.01"]

1. d4 Nf6 2. Nf3 d5 3. c4 e6 4. Bg5 Be7 5. Nc3 O-O 6. Bxf6 Bxf6 7. e3 c6 8. Bd3
Nd7 9. cxd5 exd5 10. Qc2 h6 11. h4 Nb6 12. O-O-O Bg4 13. Rdg1 Bxf3 14. gxf3 Nd7
15. Bf5 Re8 16. Kb1 Nf8 17. f4 Ne6 18. Qd1 Kf8 19. Qf3 Re7 20. Rg4 Ke8 21. h5
Qb6 22. Rhg1 Rd8 23. Bxe6 Rxe6 24. Na4 Qc7 25. Nc5 Red6 26. Rxg7 Bxg7 27. Rxg7
b6 28. Nd3 Ke7 29. Ne5 Rf6 30. Qg3 Qc8 31. Qh4 Qf5+ 32. Kc1 Ke6 33. Ng4 Rf8 34.
Kd2 c5 35. Qxf6+ Qxf6 36. Nxf6 Kxf6 37. Rh7 cxd4 38. Rxh6+ Kf5 39. Kd3 dxe3 40.
fxe3 Rd8 41. Kd4 Rd7 42. Rc6 f6 43. h6 Rh7 44. Kxd5 Rxh6 45. e4+ Kxf4 46. e5
Kf5 47. Rxf6+ Rxf6 48. exf6 Kxf6 49. Kc6 Ke5 50. Kb7 Kd4 51. Kxa7 b5 52. Kb6
Kc4 53. Ka5 b4 54. b3+ 1-0